000 00560nam a2200205Ia 4500
005 20250701164510.0
008 008 250505s9999 xx 000 0 eng d
020 _a9781032381077
037 _aTextual
040 _aEASL
_beng
_cEASL
041 _aeng
_2eng
084 _aP41v, Q3
_qEASL
100 _aXiang Xi
245 0 _aBrief History of Chinese Language I : The Basic of Chinese Phonetics
260 _aUSA
_bNew York Routledge
_c2023
300 _a206pg
365 _aUK
942 _cTEXL
_hP41v, Q3
999 _c1433284
_d1433284